Kết cấu thép

Đã lưu trong:
书目详细资料
主要作者: Đỗ, Đào Hải
其他作者: Ngô, Vi Long
格式: 图书
语言:Undetermined
出版: TP.HCM Đại học Quốc gia TP.HCM 2006
主题:
在线阅读:http://lrc.tdmu.edu.vn/opac/search/detail.asp?aID=2&ID=3696
标签: 添加标签
没有标签, 成为第一个标记此记录!
Thư viện lưu trữ: Trung tâm Học liệu Trường Đại học Thủ Dầu Một
LEADER 00765nam a2200205Ia 4500
001 TDMU_3696
008 210410s9999 xx 000 0 und d
082 |a 693.7 
090 |b D6496 
100 |a Đỗ, Đào Hải 
245 0 |a Kết cấu thép 
245 0 |c Đỗ Đào Hải (ch.b.), Ngô Vi Long, Lưu Đức Huân, Lê Văn Phước Nhân, Trần Thị Thôn, Nguyễn Thị Bích Thuỷ, Hồ Đức Duy 
260 |a TP.HCM 
260 |b Đại học Quốc gia TP.HCM 
260 |c 2006 
300 |a 300tr. 
650 |a Kết cấu thép 
700 |a Ngô, Vi Long 
856 |u http://lrc.tdmu.edu.vn/opac/search/detail.asp?aID=2&ID=3696 
980 |a Trung tâm Học liệu Trường Đại học Thủ Dầu Một